Culture as embodiment (Record no. 36368)
[ view plain ]
| 000 -LEADER | |
|---|---|
| fixed length control field | 01621nam a2200385Ia 4500 |
| 082 04 - DEWEY DECIMAL CLASSIFICATION NUMBER | |
| Classification number | 302 |
| 100 1# - MAIN ENTRY--AUTHOR NAME | |
| Personal name | Voestermans, P. |
| 245 10 - TITLE STATEMENT | |
| Title | Culture as embodiment |
| 260 ## - PUBLICATION, DISTRIBUTION, ETC. (IMPRINT) | |
| Place of publication | Chichester, West Sussex ; |
| -- | Hoboken, NJ : |
| Name of publisher | John Wiley & Sons Inc., |
| Year of publication | 2013. |
| 300 ## - PHYSICAL DESCRIPTION | |
| Number of Pages | xi, 332 p. |
| 500 ## - GENERAL NOTE | |
| General note | "Dutch edition published 2007 by Open Universiteit Nederland and Blackwell Publishing Ltd." |
| General note | Revised edition of the author's Cultuur & lichaam : een cultuurpsychologisch perspectief op patronen in gedrag. |
| 650 #0 - SUBJECT ADDED ENTRY--TOPICAL TERM | |
| Topical Term | Social psychology. |
| Topical Term | Ethnopsychology. |
| Topical Term | Culture and psychology. |
| 700 1# - ADDED ENTRY--PERSONAL NAME | |
| Personal name | Verheggen, Theo, |
| 856 40 - ELECTRONIC LOCATION AND ACCESS | |
| Uniform Resource Identifier | http://site.ebrary.com/lib/rucke/Doc?id=10738082 |
No items available.
